000 01524nam0a2200361 4500
001 RU\NLR\bibl\135924
005 20260405190907.0
010 _a5-7724-0012-6
_96000
021 _aRU
_b98-38601
_91851
035 _a(NLR Aleph) 000133149
090 _a760870
_c760870
100 _a20010219d1998 |||y0rusy50 ca
101 0 _arus
102 _aRU
105 _aa |||||||||
200 1 _aКожные и венерические болезни
_e[Крат. справ.]
_fО.Л. Иванов, С.С. Кряжева, В.А. Мололчков
210 _aМ.
_cРус. врач.
_d1998
215 _a96 с., [6] л. цв. ил.
_d21
225 1 _aПрактическому врачу
311 _aПрил. к журн. "Врач"
422 0 _12001#$aВрач$eжурн.
_tВрач
606 0 _aВенерические болезни
_jСправочники
_91135283
_3RU\NLR\auth\66132546
606 0 _aДерматозы
_jСправочники
_9982645
_3RU\NLR\auth\6651763
686 _aР58я221
700 1 _4070
_8rus
_7ca
_aИванов
_bО. Л.
_cд-р мед. наук, дерматовенерология
_f1933-
_gОлег Леонидович
_3RU\NLR\auth\7736602
_919591
701 1 _aКряжева
_bС. С.
_4070
701 1 _4070
_8rus
_7ca
_aМолочков
_bВ. А.
_f1950-
_gВладимир Алексеевич
_3RU\NLR\auth\7782991
_965919
801 0 _aRU
_bNLR
_c20010219
_gPSBO
801 1 _aRU
_bNLR
_c20010219
852 _aNLR
_j2000-6/1535
942 _cBOOK
980 _aNB